[Event "TCh-CHN 2018"]
[Site "China CHN"]
[Date "2018.08.24"]
[Round "14.1"]
[Board "2"]
[White "Liang, Jinrong"]
[Black "Cheparinov, Ivan"]
[Result "1/2-1/2"]
[WhiteTitle "GM"]
[BlackTitle "GM"]
[WhiteElo "2452"]
[BlackElo "2711"]
[WhiteTeam "Guangdong Ding Xin High Tech Team"]
[BlackTeam "Shenzhen Longgang Chess association"]
[WhiteFideId "8600066"]
[BlackFideId "2905540"]
[EventDate "2018.04.11"]

1. e4 c5 2. Nf3 d6 3. c3 Nf6 4. Bb5+ Nbd7 5. d3 a6 6. Ba4 b5 7. Bc2 e5 8. O-O
Be7 9. Re1 O-O 10. Nbd2 Bb7 11. Nf1 Re8 12. Ng3 Bf8 13. d4 Qc7 14. d5 c4 15. Bd2
Reb8 16. b4 cxb3 17. axb3 a5 18. b4 Nb6 19. Rxa5 Rxa5 20. bxa5 Nc4 21. Bd3 Qxa5
22. Bxc4 bxc4 23. Qa1 Qc7 24. Rb1 Ra8 25. Qb2 Bc8 26. Be3 g6 27. h3 h5 28. Qb6
Qxb6 29. Rxb6 Nd7 30. Rc6 Ba6 31. Rc7 Bb5 32. Rb7 Rb8 33. Ra7 Be7 34. h4 Kf8 35.
Ng5 Ke8 36. f3 Bd8 37. Nf1 Nb6 38. Nd2 Nc8 39. Ra1 Ke7 40. Kf2 Bc7 41. Ke1 Rb7
42. Kf2 Nb6 43. Ra3 Ba4 44. Kg3 Bb5 45. Kh2 Nd7 46. Ra1 Nf8 47. Rb1 f6 48. Nh3
Nd7 49. Nxc4 Ba6 50. Rxb7 Bxb7 51. Nf2 Ba6 52. Na3 Be2 53. Nc2 Nb6 54. Nb4 Na4
55. Bd2 Nb2 56. Bc1 Na4 57. Bd2 Kd7 58. Nfd3 f5 59. f4 fxe4 60. Nf2 e3 61. Bxe3
Nxc3 62. Bd2 Nb1 63. Be3 Nc3 64. Bd2 Nb1 65. Be3 exf4 66. Bxf4 Nc3 67. Bd2 Na4
68. Ne4 Nc5 69. Nf6+ Ke7 70. Bg5 Kf7 71. Nc6 Bc4 72. Kg3 Na4 73. Nd4 Nc3 74. Ne6
Ba5 75. Nf4 Bd8 76. Nh7 Bb6 77. Nf6 Bd4 78. Nd7 Nxd5 79. Nb8 Nxf4 80. Bxf4 Ke6
81. Nc6 Bb6 82. Bd2 Bd5 83. Nb4 Be4 84. Na2 d5 85. Nc3 Bf5 86. Kf4 Bc7+ 87. Kf3
d4 88. Ne4 Bg4+ 89. Kf2 Kd5 90. Nf6+ Kc4 91. Nxg4 hxg4 92. Ke2 Bd8 93. Be1 Bb6
94. Bd2 d3+ 95. Kd1 Kd4 96. Bg5 Ke4 97. Kd2 Bc7 98. Be7 Ba5+ 99. Kd1 Bc3 100.
Bg5 Be5 101. Ke1 Bd6 102. Kd1 Bb4 103. Kc1 Be1 104. Kd1 Bg3 105. Be7 Be5 106.
Bg5 Bg3 107. Be7 Kd4 108. Bg5 Bd6 109. Kd2 Bb4+ 110. Kd1 Ba5 111. Kc1 Ke4 112.
Kd1 Bb4 113. Kc1 Bc5 114. Kd1 Bb6 115. Ke1 Be3 116. Be7 Kf5 117. Kd1 Ke6 118.
Bd8 Bf4 119. Ke1 Kd6 120. Kd1 Kd7 121. Bf6 Ke6 122. Bd8 Ke5 123. Be7 Kd4 124.
Bd8 Bh6 125. Be7 d2 126. Bb4 Kd3 127. Ba5 Bf4 128. Bb4 Be3 129. Ba5 Ke4 130. Ke2
Bf4 131. Bb4 Kf5 132. Ba5 Be3 133. Bb4 Kf4 134. Bd6+ Ke4 135. Bb4 1/2-1/2

[Event "TCh-CHN 2018"]
[Site "China CHN"]
[Date "2018.08.24"]
[Round "14.1"]
[Board "3"]
[White "Zhao, Chenxi"]
[Black "Zhou, Jianchao"]
[Result "1/2-1/2"]
[BlackTitle "GM"]
[WhiteElo "2328"]
[BlackElo "2617"]
[WhiteTeam "Guangdong Ding Xin High Tech Team"]
[BlackTeam "Shenzhen Longgang Chess association"]
[WhiteFideId "8611513"]
[BlackFideId "8603537"]
[EventDate "2018.04.11"]

1. e4 c5 2. Nf3 Nc6 3. Bb5 g6 4. O-O Bg7 5. Bxc6 dxc6 6. d3 Nf6 7. Nc3 O-O 8.
Be3 b6 9. h3 Ne8 10. Qd2 Nc7 11. Bh6 f6 12. Bxg7 Kxg7 13. e5 Be6 14. exf6+ exf6
15. Rfe1 Qd7 16. Re2 Rae8 17. Rae1 Bd5 18. Ne4 Rf7 19. c4 Bxe4 20. dxe4 Qxd2 21.
Rxd2 Rfe7 22. Rd6 Re6 23. Rxe6 Nxe6 24. Rd1 Nf8 25. Re1 Rd8 26. e5 Ne6 27. exf6+
Kxf6 28. g3 Rd3 29. Re3 Rd1+ 30. Kg2 Nd4 31. Nxd4 cxd4 32. Ra3 a5 33. Rb3 Rc1
34. Rxb6 Rxc4 35. Kf3 Ke5 36. Ra6 a4 37. Ra5+ c5 38. Ke2 Ke4 39. f3+ Kd5 40. Kd2
Rb4 41. Kc2 Rc4+ 42. Kd2 Rb4 43. Kc2 Rc4+ 44. Kd2 Rb4 45. Kc2 Kc4 1/2-1/2

[Event "TCh-CHN 2018"]
[Site "China CHN"]
[Date "2018.08.24"]
[Round "14.1"]
[Board "4"]
[White "Zhang, Xiaowen"]
[Black "Li, Xueyi"]
[Result "1/2-1/2"]
[WhiteTitle "WGM"]
[WhiteElo "2318"]
[BlackElo "2187"]
[WhiteTeam "Shenzhen Longgang Chess association"]
[BlackTeam "Guangdong Ding Xin High Tech Team"]
[WhiteFideId "8603219"]
[BlackFideId "8605912"]
[EventDate "2018.04.11"]

1. e4 c6 2. Nc3 d5 3. Nf3 Bg4 4. h3 Bxf3 5. Qxf3 e6 6. d4 g6 7. Bd3 Bg7 8. Be3
Ne7 9. O-O O-O 10. Ne2 Nd7 11. c4 e5 12. exd5 cxd5 13. cxd5 exd4 14. Bxd4 Bxd4
15. Nxd4 Ne5 16. Qe4 Nxd3 17. Qxd3 Qxd5 18. Rfd1 Nc6 19. Nxc6 Qxc6 20. Rac1 Qb6
21. Qd4 Qxd4 22. Rxd4 Rac8 23. Rxc8 Rxc8 24. Rd7 Rc1+ 25. Kh2 b5 26. Rxa7 Rc2
27. Rb7 Rxb2 28. a4 b4 29. Kg3 b3 30. a5 Ra2 31. Rxb3 Rxa5 1/2-1/2

[Event "TCh-CHN 2018"]
[Site "China CHN"]
[Date "2018.08.24"]
[Round "14.1"]
[Board "5"]
[White "Ushenina, Anna"]
[Black "Liu, Manli"]
[Result "1/2-1/2"]
[WhiteTitle "GM"]
[WhiteElo "2440"]
[BlackElo "2159"]
[WhiteTeam "Shenzhen Longgang Chess association"]
[BlackTeam "Guangdong Ding Xin High Tech Team"]
[WhiteFideId "14110911"]
[BlackFideId "8608121"]
[EventDate "2018.04.11"]

1. d4 Nf6 2. c4 e6 3. Nc3 d5 4. cxd5 exd5 5. Bg5 Be7 6. e3 c6 7. Qc2 Nbd7 8. Bd3
Nh5 9. Bxe7 Qxe7 10. Nge2 g6 11. O-O O-O 12. Rae1 Ndf6 13. Nc1 c5 14. dxc5 Qxc5
15. Nb3 Qb6 16. Nd4 Bd7 17. Be2 Ng7 18. Qb3 Qxb3 19. Nxb3 Rac8 20. Rd1 Be6 21.
Bf3 Rfd8 22. Rd2 Ne4 23. Nxe4 dxe4 24. Rxd8+ Rxd8 25. Bxe4 Bxb3 26. axb3 Rd2 27.
Bxb7 Ne6 28. Ba6 Nc5 29. Bc4 Rxb2 30. Rd1 Nxb3 31. Rd8+ Kg7 32. f3 Nc5 33. Rc8
Nb7 34. Rb8 Rb6 35. Bd5 Nc5 36. Rc8 Nd3 37. h3 Nb4 38. Bb3 Nc6 39. Bc4 Ne5 40.
Bd5 Rb5 41. e4 g5 42. Kh2 h6 43. h4 Rb2 44. Kh3 Nd3 45. hxg5 hxg5 46. Rc7 Nf4+
47. Kg4 Nxd5 48. exd5 Kg6 49. Rc6+ f6 50. g3 Rd2 51. d6 f5+ 52. Kh3 Kf7 53. Ra6
Ke6 54. d7+ Kxd7 55. Rxa7+ Ke6 56. Ra6+ Rd6 57. Ra5 Rd5 58. Ra4 Rd2 59. f4 gxf4
60. gxf4 Re2 61. Kh4 Rg2 1/2-1/2

[Event "TCh-CHN 2018"]
[Site "China CHN"]
[Date "2018.08.24"]
[Round "14.2"]
[Board "1"]
[White "Zou, Chen"]
[Black "Wang, Yiye"]
[Result "1/2-1/2"]
[WhiteTitle "FM"]
[BlackTitle "IM"]
[WhiteElo "2384"]
[BlackElo "2437"]
[WhiteTeam "Hangzhou Turbine Team"]
[BlackTeam "Beijing Beiao team"]
[WhiteFideId "8610959"]
[BlackFideId "8606021"]
[EventDate "2018.04.11"]

1. e4 e6 2. d4 d5 3. Nc3 Nf6 4. e5 Nfd7 5. f4 c5 6. Nf3 Nc6 7. Be3 a6 8. Qd2 b5
9. dxc5 Bxc5 10. Bd3 Qb6 11. Bf2 Bxf2+ 12. Qxf2 Nc5 13. O-O b4 14. Ne2 Na4 15.
Qxb6 Nxb6 16. Ned4 Bd7 17. Nxc6 Bxc6 18. a3 bxa3 19. Rxa3 a5 20. Nd4 Bd7 21. Rb3
Rb8 22. Ra1 a4 23. Rb4 Ke7 24. b3 Na8 25. Bb5 Bxb5 26. Nxb5 Nc7 27. bxa4 Na6 28.
Rb2 Rb7 29. c4 dxc4 30. Rc2 Nb4 31. Rxc4 Nd5 32. Nc3 Ra8 33. a5 Ra6 34. Nxd5+
exd5 35. Rca4 Ke6 36. R1a2 h5 37. Kf2 g6 38. Ke3 Rb5 39. g3 Kf5 40. Kf3 Rb3+ 41.
Kg2 Rb5 42. Kf2 Ke6 43. Ke3 Kf5 44. Kd4 Ke6 45. h3 f6 46. exf6 Kxf6 47. g4 hxg4
48. hxg4 Kf7 49. R2a3 Kf6 50. Ke3 Rc5 51. Kf3 Rb5 52. Kg3 Rc5 53. g5+ Kf7 54.
Kg4 Rb5 55. Kf3 Ke6 56. Kg4 Kf7 57. Ra2 Rc5 58. R4a3 Kf8 59. Kg3 Kf7 60. Ra1 d4
61. Kf3 Rf5 62. Ra4 Kg7 63. Ke4 Kf7 64. R4a3 Re6+ 65. Kf3 Ra6 66. Ra4 Kf8 67.
Rxd4 Raxa5 68. Rb1 Rab5 69. Rh1 Rf7 70. Rh8+ Kg7 71. Rdd8 Re7 72. Rh1 Rb3+ 73.
Kg4 Re2 74. Rd7+ Kg8 75. Rd8+ Kg7 76. Rd7+ Kg8 1/2-1/2

[Event "TCh-CHN 2018"]
[Site "China CHN"]
[Date "2018.08.24"]
[Round "14.2"]
[Board "2"]
[White "Xiang, Zeyu"]
[Black "Yu, Yangyi"]
[Result "0-1"]
[BlackTitle "GM"]
[WhiteElo "2435"]
[BlackElo "2764"]
[WhiteTeam "Hangzhou Turbine Team"]
[BlackTeam "Beijing Beiao team"]
[WhiteFideId "8608547"]
[BlackFideId "8603820"]
[EventDate "2018.04.11"]

1. d4 g6 2. e4 Bg7 3. c4 e6 4. Nf3 Ne7 5. Nc3 O-O 6. h4 d5 7. e5 c5 8. dxc5 Nbc6
9. Bf4 Qa5 10. a3 dxc4 11. Bxc4 Qxc5 12. Qe2 Nd5 13. Bxd5 exd5 14. Rc1 Bg4 15.
O-O Rae8 16. Qd3 Qc4 17. Qxc4 dxc4 18. Nd2 Nxe5 19. Bxe5 Rxe5 20. Nxc4 Rh5 21.
Ne3 Be6 22. g3 Rc8 23. Ne4 Rxc1 24. Rxc1 Bxb2 25. Rb1 Rb5 26. Nd6 Ba2 27. Rd1
Rb3 28. a4 Rb4 29. a5 Be5 30. Nc8 a6 31. Rd8+ Kg7 32. Ne7 h5 33. Rg8+ Kh7 34.
Re8 Rb5 35. g4 Bd4 36. gxh5 Rxh5 37. Nc8 Rxa5 0-1

[Event "TCh-CHN 2018"]
[Site "China CHN"]
[Date "2018.08.24"]
[Round "14.2"]
[Board "3"]
[White "Lin, Yi"]
[Black "Li, Chao b"]
[Result "1/2-1/2"]
[BlackTitle "GM"]
[WhiteElo "2359"]
[BlackElo "2703"]
[WhiteTeam "Hangzhou Turbine Team"]
[BlackTeam "Beijing Beiao team"]
[WhiteFideId "8609659"]
[BlackFideId "8604436"]
[EventDate "2018.04.11"]

1. Nf3 d6 2. d4 g6 3. g3 Bg7 4. Bg2 Nf6 5. O-O O-O 6. b3 e5 7. dxe5 dxe5 8. Ba3
Re8 9. Qxd8 Rxd8 10. Nc3 Nc6 11. Rad1 Bf5 12. Nh4 Bd7 13. Rd3 Re8 14. Rfd1 Bg4
15. Bxc6 bxc6 16. Ng2 Nd5 17. Nxd5 cxd5 18. Rxd5 Bxe2 19. R1d2 Bf3 20. Rd7 Rac8
21. Ne3 Bc6 22. Re7 f5 23. Rxe8+ Bxe8 24. Bb2 Bc6 25. Nc4 Re8 26. Na5 Be4 27.
Rd7 Bxc2 28. Rxc7 Bb1 29. Nc6 Bxa2 30. b4 a6 31. f4 Bf8 32. fxe5 Bd5 33. Bc3 g5
34. Kf2 f4 35. gxf4 gxf4 36. h3 h5 37. Bd4 Be4 38. Bc5 Bxc5+ 39. bxc5 Re6 40.
Nb8 Rxe5 41. Nxa6 Rd5 42. Re7 Rd4 43. Nc7 f3 44. Ke3 Rd3+ 45. Kxe4 f2 46. Kxd3
f1=Q+ 47. Kd4 Qxh3 48. Nd5 Qg4+ 49. Ke5 Qg5+ 50. Ke6 Qg4+ 51. Ke5 1/2-1/2

[Event "TCh-CHN 2018"]
[Site "China CHN"]
[Date "2018.08.24"]
[Round "14.2"]
[Board "4"]
[White "Wang, Yu A."]
[Black "Zhao, Shengxin"]
[Result "1-0"]
[WhiteTitle "IM"]
[BlackTitle "WFM"]
[WhiteElo "2303"]
[BlackElo "2133"]
[WhiteTeam "Beijing Beiao team"]
[BlackTeam "Hangzhou Turbine Team"]
[WhiteFideId "8601097"]
[BlackFideId "8608040"]
[EventDate "2018.04.11"]

1. e4 c5 2. Nf3 d6 3. d4 cxd4 4. Nxd4 Nf6 5. Nc3 a6 6. Bd3 e5 7. Nde2 Be7 8. O-O
O-O 9. Ng3 Be6 10. Nd5 Bxd5 11. exd5 g6 12. Bh6 Re8 13. c4 Nbd7 14. Rc1 a5 15.
b3 Nc5 16. Bc2 Nfd7 17. f4 exf4 18. Bxf4 Bg5 19. Qf3 Bxf4 20. Qxf4 Ne5 21. Rce1
Qd7 22. Re3 Rf8 23. Nf5 gxf5 24. Bxf5 Ng6 25. Qh6 Qc7 26. Rh3 f6 27. Bxg6 1-0

[Event "TCh-CHN 2018"]
[Site "China CHN"]
[Date "2018.08.24"]
[Round "14.2"]
[Board "5"]
[White "Wang, Jue"]
[Black "Zhou, Zirun"]
[Result "1-0"]
[WhiteTitle "WGM"]
[WhiteElo "2367"]
[BlackElo "2152"]
[WhiteTeam "Beijing Beiao team"]
[BlackTeam "Hangzhou Turbine Team"]
[WhiteFideId "8604070"]
[BlackFideId "8610975"]
[EventDate "2018.04.11"]

1. e4 e5 2. Nf3 Nf6 3. Nxe5 d6 4. Nf3 Nxe4 5. Nc3 Nf6 6. d4 d5 7. Bd3 Be7 8. h3
O-O 9. O-O Nbd7 10. Bf4 a6 11. Re1 Re8 12. Ne5 c5 13. Qf3 c4 14. Bf1 Bb4 15. Bg5
Bxc3 16. bxc3 Nf8 17. Bxf6 gxf6 18. Nxf7 Qd7 19. Nh6+ Kg7 20. Nf5+ Kh8 21. Rxe8
Qxe8 22. Ne3 Qc6 23. Qxd5 Qxd5 24. Nxd5 Kg7 25. Nb6 Rb8 26. Re1 Be6 27. d5 1-0

[Event "TCh-CHN 2018"]
[Site "China CHN"]
[Date "2018.08.24"]
[Round "14.3"]
[Board "1"]
[White "Liu, Yan"]
[Black "Balogh, Csaba"]
[Result "0-1"]
[WhiteTitle "IM"]
[BlackTitle "GM"]
[WhiteElo "2495"]
[BlackElo "2629"]
[WhiteTeam "Chongqing Team"]
[BlackTeam "Hebei sports lottery chess team"]
[WhiteFideId "8608962"]
[BlackFideId "718939"]
[EventDate "2018.04.11"]

1. Nf3 d5 2. e3 c5 3. b3 Nc6 4. Bb5 Bd7 5. Bb2 Nf6 6. O-O e6 7. c4 a6 8. Bxc6
Bxc6 9. Ne5 Rc8 10. Qe2 Be7 11. d3 O-O 12. Nd2 Be8 13. f4 Nd7 14. Nxd7 Qxd7 15.
e4 f6 16. Rae1 dxe4 17. dxe4 Rd8 18. Nb1 b5 19. Nc3 Qd2 20. Qxd2 Rxd2 21. Rf2
Rd3 22. f5 b4 23. Nd1 Bc6 24. Rfe2 Rfd8 25. Nf2 Rd2 26. Bc1 Rxe2 27. Rxe2 Kf7
28. Be3 h5 29. g3 a5 30. h3 a4 31. Rd2 Ra8 32. g4 hxg4 33. hxg4 axb3 34. axb3
Ra1+ 35. Kg2 Rb1 36. Rd3 g6 37. fxg6+ Kxg6 38. Bf4 f5 39. gxf5+ exf5 40. Rh3
Bxe4+ 41. Nxe4 fxe4 42. Kf2 Bf6 43. Bd2 Bd4+ 44. Ke2 Kf5 45. Rg3 e3 46. Bxe3
Rxb3 47. Rg5+ Kf6 48. Bf4 Rc3 49. Rg3 Rxc4 50. Bd2 Be5 51. Rh3 Ke6 52. Kd3 Kd5
53. Ke2 Rg4 54. Kd1 Kc4 0-1

[Event "TCh-CHN 2018"]
[Site "China CHN"]
[Date "2018.08.24"]
[Round "14.3"]
[Board "2"]
[White "Ganguly, Surya Shekhar"]
[Black "Wan, Yunguo"]
[Result "1/2-1/2"]
[WhiteTitle "GM"]
[BlackTitle "GM"]
[WhiteElo "2615"]
[BlackElo "2529"]
[WhiteTeam "Chongqing Team"]
[BlackTeam "Hebei sports lottery chess team"]
[WhiteFideId "5002150"]
[BlackFideId "8603189"]
[EventDate "2018.04.11"]

1. Nf3 Nf6 2. g3 g6 3. Bg2 Bg7 4. d4 O-O 5. O-O d5 6. c4 dxc4 7. Na3 c3 8. bxc3
c5 9. Bb2 Nc6 10. Re1 Qb6 11. Qc1 cxd4 12. cxd4 Bf5 13. Nc4 Qa6 14. Nfd2 Nb4 15.
a3 Nc2 16. e4 Nxe1 17. Qxe1 Bd7 18. e5 Ne8 19. d5 Rc8 20. a4 Nc7 21. Ne3 Bxa4
22. Ne4 Qb6 23. Qd2 Bb3 24. d6 exd6 25. exd6 f5 26. Bxg7 Kxg7 27. Qb2+ Kg8 28.
Nd2 Bf7 29. Qxb6 axb6 30. dxc7 Rxc7 31. Rb1 Rd8 32. Nf3 Rd6 33. h4 Kg7 34. Rb4
Kf6 35. Rf4 h5 36. Ng5 Ke7 37. Bf3 Be6 38. Rb4 Rc1+ 39. Kg2 Bd7 40. Nd5+ Ke8 41.
Nxb6 Bc6 42. Nc4 Rd4 43. Bxc6+ bxc6 44. Rb8+ Rd8 45. Nd6+ Ke7 46. Rb7+ Rd7 47.
Rxd7+ Kxd7 48. Ndf7 Ke7 49. Ne5 Kf6 50. Nd7+ Ke7 51. Ne5 Kf6 52. Nd7+ Ke7 53.
Ne5 Kf6 54. Nd7+ 1/2-1/2

[Event "TCh-CHN 2018"]
[Site "China CHN"]
[Date "2018.08.24"]
[Round "14.3"]
[Board "3"]
[White "Zhou, Weiqi"]
[Black "Zhang, Ziji"]
[Result "1-0"]
[WhiteTitle "GM"]
[WhiteElo "2597"]
[BlackElo "2393"]
[WhiteTeam "Chongqing Team"]
[BlackTeam "Hebei sports lottery chess team"]
[WhiteFideId "8601674"]
[BlackFideId "8609470"]
[EventDate "2018.04.11"]

1. c4 e6 2. Nf3 d5 3. g3 Nf6 4. Bg2 dxc4 5. Qa4+ Bd7 6. Qxc4 c5 7. Ne5 Qc8 8.
Qd3 Nc6 9. Nxd7 Qxd7 10. Qxd7+ Kxd7 11. Nc3 Rc8 12. d3 Be7 13. Bd2 Rhd8 14. O-O
Ke8 15. Rfd1 b6 16. Rac1 h6 17. Kf1 Kf8 18. Be1 Ne8 19. e3 Bf6 20. Ke2 Nd6 21.
Na4 Nb4 22. a3 Nd5 23. Rc2 Rc7 24. Nc3 Ne7 25. Nb1 Nd5 26. Nd2 Rdc8 27. Rdc1 g5
28. h3 Ke8 29. Ne4 Nxe4 30. Bxe4 Kd7 31. Bf3 Be5 32. Bd2 a5 33. b3 Bg7 34. h4
Ne7 35. Rh1 Rh8 36. a4 Rcc8 37. Rcc1 Bf6 38. Bh5 Rcf8 39. Rc4 Nd5 40. Rhc1 Be7
41. d4 f5 42. Bf3 Ra8 43. hxg5 hxg5 44. g4 f4 45. exf4 gxf4 46. dxc5 Bxc5 47.
Bxd5 exd5 48. Rxf4 Rae8+ 49. Kd3 Rh3+ 50. f3 Rh2 51. Rf7+ Ke6 52. Rf5 Kd6 53.
Bf4+ Kc6 1-0

[Event "TCh-CHN 2018"]
[Site "China CHN"]
[Date "2018.08.24"]
[Round "14.3"]
[Board "4"]
[White "Zhai, Mo"]
[Black "Lei, Tingjie"]
[Result "1/2-1/2"]
[WhiteTitle "WGM"]
[BlackTitle "GM"]
[WhiteElo "2352"]
[BlackElo "2457"]
[WhiteTeam "Hebei sports lottery chess team"]
[BlackTeam "Chongqing Team"]
[WhiteFideId "8600201"]
[BlackFideId "8605114"]
[EventDate "2018.04.11"]

1. c4 e6 2. Nc3 d5 3. e3 Nf6 4. Nf3 c5 5. d4 Nc6 6. cxd5 Nxd5 7. Bd3 Be7 8. a3
Nxc3 9. bxc3 b6 10. Bb5 Bd7 11. e4 O-O 12. O-O cxd4 13. cxd4 Ne5 14. Be2 Nxf3+
15. Bxf3 Rc8 16. Bb2 Bb5 17. Re1 Bc4 18. g3 b5 19. Bc3 Be2 20. Bxe2 Rxc3 21.
Bxb5 Rxa3 22. Rxa3 Bxa3 23. Qa4 Qe7 24. Ra1 Bb2 25. Ra2 Bc3 26. Rc2 Bb4 27. Ba6
Bd6 28. Qc6 e5 29. dxe5 Bxe5 30. Kg2 Rd8 31. Qb7 1/2-1/2

[Event "TCh-CHN 2018"]
[Site "China CHN"]
[Date "2018.08.24"]
[Round "14.3"]
[Board "5"]
[White "Danielian, Elina"]
[Black "Tan, Zhongyi"]
[Result "0-1"]
[WhiteTitle "GM"]
[BlackTitle "GM"]
[WhiteElo "2426"]
[BlackElo "2513"]
[WhiteTeam "Hebei sports lottery chess team"]
[BlackTeam "Chongqing Team"]
[WhiteFideId "13300210"]
[BlackFideId "8603642"]
[EventDate "2018.04.11"]

1. Nf3 d5 2. d4 Nf6 3. c4 e6 4. e3 b6 5. Nc3 Bb7 6. cxd5 exd5 7. Bd3 a6 8. O-O
Bd6 9. Qc2 Qe7 10. b3 Nbd7 11. Bb2 O-O 12. Rac1 Ne4 13. Ne2 Rac8 14. Ng3 g6 15.
Qe2 h5 16. Rfd1 h4 17. Nf1 h3 18. g3 Rfe8 19. Rc2 Ra8 20. Rdc1 c5 21. Rd1 Qe6
22. N1d2 Re7 23. Qf1 Ndf6 24. Ne5 Nxd2 25. Rcxd2 Bxe5 26. dxe5 Ng4 27. Qxh3 d4
28. e4 Nxe5 29. Qxe6 Rxe6 30. Be2 Bxe4 31. f4 Nc6 32. a3 Na5 33. Bg4 f5 34. Be2
b5 35. b4 Nb3 36. bxc5 Nxd2 37. Rxd2 d3 38. Bd1 Rc6 39. Bb3+ Kh7 40. Bd4 Rd8 41.
Be3 Rdc8 42. Kf2 Rxc5 43. Bxc5 Rxc5 44. Ke3 Rc3 45. Rb2 Rc1 46. a4 Re1+ 47. Kf2
Rh1 48. Ke3 b4 49. a5 Re1+ 50. Kf2 Rc1 51. Ke3 Kh6 52. Ba4 Re1+ 53. Kf2 Ra1 54.
Rxb4 Ra2+ 55. Ke3 Rxh2 56. Rb6 Re2+ 57. Kd4 Ra2 58. Bb3 Rxa5 59. Kc3 Rc5+ 60.
Kd2 Rb5 61. Rxb5 axb5 62. Kc3 g5 63. fxg5+ Kxg5 64. Bd1 Kf6 65. Kd4 Ke6 66. g4
Kd6 67. gxf5 Bxf5 68. Bf3 Bg6 69. Bd1 Kc6 70. Bb3 Kb6 71. Bd1 Ka5 72. Kc3 Bf5
73. Kb3 Be6+ 74. Kc3 Bc4 75. Bh5 Ka4 76. Kb2 Kb4 77. Bd1 Kc5 78. Kc3 b4+ 79. Kd2
Kd4 80. Bh5 b3 81. Kc1 Kc3 82. Bg6 b2+ 83. Kb1 d2 84. Bc2 Ba2+ 0-1

[Event "TCh-CHN 2018"]
[Site "China CHN"]
[Date "2018.08.24"]
[Round "14.4"]
[Board "1"]
[White "Xu, Yi"]
[Black "Malakhov, Vladimir"]
[Result "1/2-1/2"]
[WhiteTitle "IM"]
[BlackTitle "GM"]
[WhiteElo "2533"]
[BlackElo "2654"]
[WhiteTeam "China Mobil Shanghai Chess Club"]
[BlackTeam "Tianjin Team"]
[WhiteFideId "8605564"]
[BlackFideId "4120787"]
[EventDate "2018.04.11"]

1. e4 e5 2. Nf3 Nc6 3. Bc4 Bc5 4. c3 Nf6 5. d4 exd4 6. e5 d5 7. Bb5 Ne4 8. cxd4
Bb6 9. Nc3 O-O 10. Be3 Bg4 11. h3 Bh5 12. Qc2 Ba5 13. O-O Bxf3 14. gxf3 Nxd4 15.
Bxd4 Bxc3 16. bxc3 Qg5+ 17. Kh1 Qf5 18. fxe4 Qxh3+ 19. Kg1 Qg4+ 20. Kh1 Qh3+ 21.
Kg1 Qg4+ 22. Kh1 Qh3+ 23. Kg1 1/2-1/2

[Event "TCh-CHN 2018"]
[Site "China CHN"]
[Date "2018.08.24"]
[Round "14.4"]
[Board "2"]
[White "Ni, Hua"]
[Black "Wang, Yue"]
[Result "1/2-1/2"]
[WhiteTitle "GM"]
[BlackTitle "GM"]
[WhiteElo "2683"]
[BlackElo "2683"]
[WhiteTeam "China Mobil Shanghai Chess Club"]
[BlackTeam "Tianjin Team"]
[WhiteFideId "8601160"]
[BlackFideId "8601429"]
[EventDate "2018.04.11"]

1. d4 Nf6 2. c4 e6 3. Nf3 d5 4. g3 Be7 5. Bg2 O-O 6. O-O dxc4 7. Qc2 a6 8. a4
Bd7 9. Qxc4 Bc6 10. Bg5 h6 11. Bxf6 Bxf6 12. Nc3 Bxf3 13. Bxf3 c6 14. Rfd1 a5
15. Rac1 Nd7 16. Qb3 Qb6 17. Qxb6 Nxb6 18. b3 Rfd8 19. e3 g6 20. h4 h5 21. Kg2
Kg7 22. Kf1 Nd5 23. Nxd5 exd5 24. Rc2 Be7 25. Ke2 Rac8 26. Bg2 Bb4 27. Bh3 Rc7
28. Rcc1 Ba3 29. Rc2 Bb4 30. Rcc1 Ba3 31. Rc2 1/2-1/2

[Event "TCh-CHN 2018"]
[Site "China CHN"]
[Date "2018.08.24"]
[Round "14.4"]
[Board "3"]
[White "Harikrishna, Pentala"]
[Black "Li, Yankai"]
[Result "1-0"]
[WhiteTitle "GM"]
[WhiteElo "2729"]
[BlackElo "2427"]
[WhiteTeam "China Mobil Shanghai Chess Club"]
[BlackTeam "Tianjin Team"]
[WhiteFideId "5007003"]
[BlackFideId "8609357"]
[EventDate "2018.04.11"]

1. c4 c5 2. Nf3 Nc6 3. e3 Nf6 4. Nc3 e5 5. d4 e4 6. d5 exf3 7. dxc6 bxc6 8. Qxf3
Bd6 9. e4 O-O 10. Bd3 Be5 11. Bf4 Bxf4 12. Qxf4 d6 13. Rd1 Qe7 14. Be2 Rd8 15.
O-O Ba6 16. Rd2 Ne8 17. Rfd1 g6 18. b3 Kg7 19. Bf3 Bb7 20. h3 Rab8 21. Qg3 f6
22. Na4 a5 23. Rd3 Ra8 24. Qf4 Kg8 25. Qd2 Rdb8 26. Bg4 h5 27. Bf3 Qg7 28. Bxh5 1-0

[Event "TCh-CHN 2018"]
[Site "China CHN"]
[Date "2018.08.24"]
[Round "14.4"]
[Board "4"]
[White "Khotenashvili, Bela"]
[Black "Ju, Wenjun"]
[Result "1/2-1/2"]
[WhiteTitle "GM"]
[BlackTitle "GM"]
[WhiteElo "2477"]
[BlackElo "2568"]
[WhiteTeam "Tianjin Team"]
[BlackTeam "China Mobil Shanghai Chess Club"]
[WhiteFideId "13602640"]
[BlackFideId "8603006"]
[EventDate "2018.04.11"]

1. d4 Nf6 2. Nf3 e6 3. Bf4 b6 4. e3 Be7 5. h3 O-O 6. Bd3 d5 7. Qe2 c5 8. c3 Bb7
9. Nbd2 Nbd7 10. a4 Ne4 11. O-O f5 12. a5 bxa5 13. Ra2 Nxd2 14. Nxd2 Nb8 15.
Rfa1 c4 16. Bc2 Nc6 17. b3 cxb3 18. Nxb3 Qc8 19. Bd3 Rf7 20. Ra4 Bd8 21. Nc5 Bb6
22. Nxb7 Qxb7 23. Ba6 Qd7 24. Bb5 Qb7 25. c4 a6 26. Bxc6 Qxc6 27. c5 Bd8 28.
R4a2 Rb7 29. Be5 Rb5 30. Kh2 Ra7 31. g4 Rf7 32. Rg1 Bc7 33. Bxc7 Qxc7+ 34. f4
Qd8 35. Rc2 g6 36. Qf3 Rfb7 37. gxf5 exf5 38. Rgc1 Rc7 39. Kg3 Rc6 40. Rc3 Kg7
41. h4 Rb2 42. R1c2 Rb1 43. Rc1 Rb4 44. Ra1 Rb5 45. Rac1 Rb4 46. Ra1 Rb5 47.
Rac1 Rb4 48. Ra1 1/2-1/2

[Event "TCh-CHN 2018"]
[Site "China CHN"]
[Date "2018.08.24"]
[Round "14.4"]
[Board "5"]
[White "Xiao, Yiyi"]
[Black "Ni, Shiqun"]
[Result "1/2-1/2"]
[WhiteTitle "WFM"]
[BlackTitle "WGM"]
[WhiteElo "2295"]
[BlackElo "2436"]
[WhiteTeam "Tianjin Team"]
[BlackTeam "China Mobil Shanghai Chess Club"]
[WhiteFideId "8606161"]
[BlackFideId "8608466"]
[EventDate "2018.04.11"]

1. d4 Nf6 2. c4 g6 3. g3 c6 4. Bg2 d5 5. cxd5 cxd5 6. Nc3 Bg7 7. Nf3 O-O 8. Ne5
Bf5 9. O-O Ne4 10. Qa4 Nxc3 11. bxc3 Nd7 12. Nxd7 Bxd7 13. Qb3 Bc6 14. a4 Qd7
15. Ba3 Rfc8 16. a5 e6 17. Rfb1 Rc7 18. Bc5 Bf8 19. h4 Bxc5 20. dxc5 a6 21. c4
d4 22. Qb6 Bxg2 23. Kxg2 Rac8 24. Qd6 Qxd6 25. cxd6 Rd7 26. Ra4 Rc6 27. Rab4
Rcxd6 28. Rxb7 Rxb7 29. Rxb7 Rc6 30. Rb6 Rxc4 31. Rxa6 Ra4 32. Kf3 h5 33. Ke4
Kg7 34. Ra8 Kf6 35. a6 Ra2 36. Kxd4 Rxe2 37. f3 Ra2 38. a7 Ra4+ 39. Kc5 Ra1 40.
g4 Kg7 41. Kb6 Rb1+ 42. Kc6 Rc1+ 43. Kb6 1/2-1/2